Pedagogika vysokej školy IV učebný materiál

Podrobná bibliografia
Hlavný autor: Štepanovič, Rudolf, 1930- (Autor)
Médium: Kniha
Jazyk:slovenčina
PhysicalDescription:70 s. 21 cm
Vydavateľské údaje: Bratislava Ústav rozvoja vysokých škôl SSR 1984
Vydanie:1. vyd.
Predmet:

MARC

LEADER 00000cam a2200000 a 4500
001 vtls008973030
003 SK-MaSNL
005 20260301210225.0
008 250313s1984 xo e 000 0 slo
020 |q (brož.) 
035 |a KURUK011557 
035 |a urn:nbn:sk:snk-amjejt 
035 |a urn:nbn:sk:snk-am002co8 
035 |a 6C16B31F-F948-4CBE-B2B4-76160425B354 
040 |a SNK  |b slo  |c SNK  |e AACR2 
041 0 |a slo 
044 |a xo  |c SK 
072 7 |a 37  |x Výchova a vzdelávanie  |2 konspekt 
080 |a 37.01  |2 2001 
080 |a 378.147.31  |2 2001 
080 |a 377.35  |2 2001 
080 |a (07)  |2 2001 
100 1 |a Štepanovič, Rudolf,  |d 1930-  |4 aut  |9 196497 
245 1 0 |a Pedagogika vysokej školy IV  |b učebný materiál  |c Rudolf Štepanovič 
246 1 4 |a Pedagogika vysokej školy III 
250 |a 1. vyd. 
260 |a Bratislava  |b Ústav rozvoja vysokých škôl SSR  |c 1984 
300 |a 70 s.  |c 21 cm 
650 0 7 |a pedagogika  |2 SNKPH  |9 955 
650 0 7 |a prednášky  |2 SNKPH  |9 50071 
650 0 7 |a odborná prax  |2 SNKPH  |9 65538 
650 0 7 |a vysoké školy  |2 SNKPH  |9 1277 
655 7 |a učebné texty  |2 SNKPH  |9 70568 
852 |a Slovenská národná knižnica 
958 |a OND 
999 |c 912913  |d 914843 
952 |a SNK  |b SNK  |y VYP  |7 0  |p 17A1377348  |o snkSC 75341/4 D1  |i snk2019/30053  |8 7  |0 0  |1 0  |4 0  |d 2019-11-21  |l 0  |r 2026-02-24 07:49:24  |w 2026-02-24 
952 |a SNK  |b SNK  |y PREZ  |7 0  |p 17A1121605  |o snkSC 75341/4  |i snk2014/28418  |8 0  |0 0  |1 0  |4 0  |d 2019-11-25  |f 1  |l 0  |r 2025-08-01 00:00:00  |w 2026-02-24